'T' ASoIaF characters (clickable) Quiz Stats

 Plays Quiz not verified by Sporcle

Score 0/30 Timer 06:00
0 Plays Today
% Correct
Theon Greyjoy
94.6%
Tommen Baratheon
94.6%
Trystane Martell
94.2%
Tyene Sand
93.7%
Tywin Lannister
93.5%
Tanda Stokeworth
93.3%
Tickler
93%
Tyrion Lannister
92.6%
Tormund
92.3%
Torrhen Stark
90.4%
Taena of Myr
87.4%
Tom of Sevenstreams
87%
Timett
86.8%
Torrhen Karstark
85.8%
Tyrion Tanner
84.6%
% Correct
Tytos Lannister
83.5%
Tycho Nestoris
80.8%
Thistle
80.7%
Toregg
80.6%
Tyrek Lannister
79.6%
Tristifer Botley
79.2%
Tygett Lannister
76.2%
Tytos Blackwood
75.7%
Tobho Mott
74.3%
Thoren Smallwood
74%
Tattered Prince
71.9%
Talbert Serry
65.6%
Ternesio Terys
56.9%
Tagganaro
56.7%
Tal Toraq
54.6%

You're not logged in!

Compare scores with friends on all Sporcle quizzes.
OR
Log In

Sporcle TV

Today on Sporcle TV


Watch our educational content, quiz creation guides, and fun videos on Sporcle TV.

Show Comments

Extras

Top Quizzes Today


Score Distribution

Your Account Isn't Verified!

In order to create a playlist on Sporcle, you need to verify the email address you used during registration. Go to your Sporcle Settings to finish the process.

Report this User

Report this user for behavior that violates our Community Guidelines.

Details: